000 00842nam a2200205Ia 4500
003 Ost
005 20260507075113.0
008 260507s9999||||xx |||||||||||||| ||und||
040 _cfsecg
041 _aara
082 _a600
100 _aعلي، علي حسين
_eمؤلف
245 0 _aنمذجة القرارات الإدارية"الجزء الثاني" /
_c علي حسين علي
260 _aعمان:
_bدار اليازوري العلمية,
_c1999
300 _a247 صفحة؛
_bإيضاحات ؛
_c24 سم
504 _aببليوغرافيا،المراجع:ص.245-247
520 _aنماذج النقل المحوره،اتخاذ القرار الامثل باستخدام نماذج البرمجة اللاخطية،البرمجة الديناميكية،
653 _aاتخاذ القرارات
942 _cكتاب
999 _c42944
_d42944